Current paleoethnobotany : analytical methods and cultural interpretations of archaeological plant remains /

محفوظ في:

مؤلفون آخرون: Hastorf, Christine Ann, 1950-, Popper, Virginia S.

التنسيق: كتاب

اللغة: English

منشور في: Chicago : University of Chicago, 1988.

سلاسل: Prehistoric archeology and ecology.

الموضوعات:

الوسوم: إضافة وسم

لا توجد وسوم, كن أول من يضع وسما على هذه التسجيلة!

رقم الطلب: CC79.5 .P5 C87 1988

LEADER 01033namaa2200277 4500
001 23441
003 OSt
005 20251028125709.0
008 130303s1988 ilua b 001 0 eng d
020 |a 02263318931 
020 |a 0226318923 
040 |c ARCE Library 
050 4 |a CC79.5 .P5 C87 1988 
245 0 0 |a Current paleoethnobotany :   |b analytical methods and cultural interpretations of archaeological plant remains /   |c edited by Christine A. Hastorf and Virginia S. Popper. 
264 1 |a Chicago :  |b University of Chicago,  |c 1988. 
300 |a xii, 236 pages :  |b illustrations ;  |c 24 cm. 
490 0 |a Prehistoric archeology and ecology. 
504 |a Includes bibliographical references and index. 
555 |a https://catalog.loc.gov/vwebv/staffView?searchId=42474&recPointer=0&recCount=25&bibId=2910600 
650 0 |a Plant remains (Archaeology) 
650 0 |a Paleoethnobotany. 
700 1 |a Hastorf, Christine Ann,   |d 1950-  |9 31747 
700 1 |a Popper, Virginia S. 
901 |a reviewed 
942 |c BK  |2 lcc 
999 |c 20583  |d 20583